|
|
|
|
| LEADER |
00000nam0a2200000 4500 |
| 001 |
64235 |
| 005 |
20231031065504.0 |
| 035 |
|
|
|a (RuTPU)RU\TPU\book\68174
|
| 090 |
|
|
|a 64235
|
| 100 |
|
|
|a 20040528d1970 m y0rusy50 ca
|
| 101 |
0 |
|
|a rus
|
| 102 |
|
|
|a RU
|
| 105 |
|
|
|a a j 001zy
|
| 200 |
1 |
|
|a Изготовление штампов, прессформ и приспособлений
|e учебное пособие
|f В. М. Владимиров
|
| 210 |
|
|
|a Москва
|c Высшая школа
|d 1970
|
| 215 |
|
|
|a 432 с.
|c ил.
|
| 320 |
|
|
|a Библиогр.: с. 424-425
|
| 453 |
|
1 |
|0 (RuTPU)RU\TPU\book\189728
|t Изготовление штампов, прессформ и приспособлений
|l Dies, moulds and jigs
|f В. М. Владимиров
|c Москва
|n Мир
|d 1972
|p 468 с.
|a Владимиров, Валентин Михайлович
|
| 610 |
1 |
|
|a металлорежущие станки
|
| 610 |
1 |
|
|a штампы
|
| 610 |
1 |
|
|a прессформы
|
| 610 |
1 |
|
|a приспособления
|
| 610 |
1 |
|
|a производство
|
| 610 |
1 |
|
|a конструкции
|
| 610 |
1 |
|
|a оборудование
|
| 610 |
1 |
|
|a изготовление
|
| 610 |
1 |
|
|a ремонт
|
| 610 |
1 |
|
|a учебные пособия
|
| 675 |
|
|
|a 621.77(075.32)
|v 3
|
| 675 |
|
|
|a 621.91.01-2(075.32)
|v 3
|
| 700 |
|
1 |
|a Владимиров
|b В. М.
|g Валентин Михайлович
|
| 801 |
|
1 |
|a RU
|b 63413507
|c 20040528
|g PSBO
|
| 801 |
|
2 |
|a RU
|b 63413507
|c 20230410
|g PSBO
|
| 942 |
|
|
|c BK
|